El candelabro enterrado / (Record no. 130126)
[ view plain ]
| 000 -LEADER | |
|---|---|
| campo de control de longitud fija | 00749nam a2200229 i 4500 |
| 001 - NÚMERO DE CONTROL | |
| campo de control | 130126 |
| 003 - IDENTIFICADOR DE NÚMERO DE CONTROL | |
| campo de control | ES-MaACL |
| 005 - FECHA Y HORA DE LA ÚLTIMA TRANSACCIÓN | |
| campo de control | 20250728191811.0 |
| 007 - CAMPO FIJO DE DESCRIPCIÓN FÍSICA--INFORMACIÓN GENERAL | |
| campo de control de longitud fija | t| |
| 008 - DATOS DE LONGITUD FIJA--INFORMACIÓN GENERAL | |
| campo de control de longitud fija | 070719s1948 sp ||||1| spa d |
| 100 1# - ENTRADA PRINCIPAL--NOMBRE DE PERSONA | |
| Nombre de persona | Zweig, Stefan, |
| Fechas asociadas al nombre | 1881-1942 |
| 9 (RLIN) | 118562 |
| 245 13 - MENCIÓN DEL TÍTULO | |
| Título | El candelabro enterrado / |
| Mención de responsabilidad, etc. | Stefan Zweig ; traducción de Fernando Gutiérrez y Diego Navarro. |
| 250 ## - MENCION DE EDICION | |
| Mención de edición | [2ª ed.]. |
| 260 ## - PUBLICACIÓN, DISTRIBUCIÓN, ETC. | |
| Lugar de publicación, distribución, etc. | Barcelona : |
| Nombre del editor, distribuidor, etc. | Lara, |
| Fecha de publicación, distribución, etc. | 1948 ( |
| Fabricante | Industrial Gráfica D. E. F. y C.) |
| 300 ## - DESCRIPCIÓN FÍSICA | |
| Extensión | 201 p. ; |
| Dimensiones | 20 cm. |
| 490 1# - MENCIÓN DE SERIE | |
| Mención de serie | Horizonte |
| 700 1# - ENTRADA AGREGADA--NOMBRE PERSONAL | |
| Nombre de persona | Gutiérrez, Fernando, |
| Fechas asociadas al nombre | 1911-1984 |
| 9 (RLIN) | 156260 |
| 700 1# - ENTRADA AGREGADA--NOMBRE PERSONAL | |
| Nombre de persona | Navarro, Diego, |
| Fechas asociadas al nombre | 1914-1956 |
| 9 (RLIN) | 156258 |
| 830 0# - PUNTO DE ACCESO ADICIONAL DE SERIE-TÍTULO UNIFORME | |
| Título uniforme | Horizonte |
| 9 (RLIN) | 180916 |
| 852 ## - LOCALIZACIÓN | |
| Ubicación | ES-MaACL |
| Número de control de estantería | E-528 |
| Sublocalización o colección | R.27136 |
| Estatus retirado | Estado de pérdida | Estado de daño | No para préstamo | Biblioteca de origen | Biblioteca actual | Ubicación en estantería | Fecha de adquisición | Fuente de adquisición | Total de préstamos | Signatura topográfica completa | Código de barras | Visto por última vez | Precio de reemplazo | Tipo de ítem Koha |
|---|---|---|---|---|---|---|---|---|---|---|---|---|---|---|
| Biblioteca del Ateneo de Madrid | Biblioteca del Ateneo de Madrid | Depósito 2 | 17/01/2008 | E-528 | 1135495 | 23/02/2023 | 23/02/2023 | Libro impreso |
